000 00552nam a22001817a 4500
003 OSt
005 20230627040005.0
008 230627b |||||||| |||| 00| 0 eng d
020 _a9788131304754
040 _aMMU
_beng
_cMMU
_dMMU
_eMMU
050 _aSB 937 .U63 2009
245 _aIntegrated pest and disease management/
_cEdited by Rajeev K.Upadhyay, K.G. Mukerji
260 _aNew Delhi:
_bA.P.H publishing corporation,
_c2009.
300 _axiv, 695p. :
_bill, ;
500 _aincludes index
650 _apest and disease
942 _2lcc
_cLOAN LOAN
999 _c32589
_d32586